Politici europei - Statistics

Statistiche generali
  • Questo quiz è stato fatto 57 volte
  • Il punteggio medio è 6 su 14
Statistiche sulle risposte
con Immagini Risposta % Corretto
Marine Le Pen
96%
Recep Tayyip Erdoğan
83%
Mario Monti
80%
François Hollande
61%
Sergej Lavrov
56%
Keir Starmer
54%
Mark Rutte
52%
Carlo Azeglio Ciampi
50%
Donald Tusk
33%
Liz Truss
33%
Mariano Rajoy
17%
Kyriakos Mitsotakis
9%
Mateusz Morawiecki
7%
Magdalena Andersson
2%
Nessun quiz corrispondente trovato
Distribuzione punteggi
Percentuale di utenti per punteggio
Percentile per numero di risposta
I tuoi punteggi nel tempo
Non hai fatto questo quiz